000 00252cam a22000977a 4500
008 180718b1961 xxu||||| |||| 00| 0 eng d
082 _aL1x5411 As72/2
245 _aThe budget manual, Assam
260 _aShillong
_bGovernment Press
_c1961
300 _a204p.
999 _c500457
_d500457